000 01491cam a22003977a 4500
003 CHAP
005 20220329142019.0
008 990219d1998 mx r 00110 spa d
010 _a77078
011 _a78050
035 _a87857
040 _cCHAP
090 _aTesis
100 0 0 _aVilla Cásarez, J. Trinidad.
_9119350
245 1 0 _aRespuesta de Echinochloa colona (L.) Link a propanil en el cultivo de arroz (Oryza sativa L.) en areas selectas de México
_c/por J. Trinidad Villa Cásarez
260 _aChapingo, Méx. :
_bEl autor,
_c1998.
300 _a140 h. :
_bgráfs. ; mapas ; cuadros
502 _aTesis (M.C. en Protección Vegetal) -- UACH. Departamento de Parasitologia Agrícola
590 _aALEPH
_b10
_c20130110
_lUCH01
_h1427
590 _aBATCH-UPD
_b10
_c20130109
_lUCH01
_h2311
590 _aBATCH-UPD
_b10
_c20130110
_lUCH01
_h0509
590 _aBATCH-UPD
_b10
_c20130409
_lUCH01
_h1829
590 _aBATCH-UPD
_b10
_c20130410
_lUCH01
_h0148
590 _aBATCH-UPD
_b10
_c20130914
_lUCH01
_h0406
590 _aCONVERSION
_b10
_c20130109
_lUCH01
_h1342
650 1 4 _aArroz
_xMalas hierbas
_xControl.
_97630
650 1 4 _aArroz
_xMéxico.
_97635
650 1 4 _aEchinochloa colona.
_935088
650 1 4 _aPropanil.
_992420
901 _aBK
905 _aGuadalupe Pinto C.
942 _cFOLL
949 _bBC
_cTES
_d33724000712097
_eTS2
_fc.2
_h33666
_i87857
_si
949 _bBC
_cTES
_d33724000761169
_eTS2
_fc.3
_h35723
_i87857
_si
949 _bBC
_cTES
_d878571
_eTS1
_h33665
_i87857
_sb
999 _c77078
_d77078